| 000 | 00463nam a2200169Ia 4500 | ||
|---|---|---|---|
| 003 | LK-CoDNM | ||
| 008 | 010623t1884 xxu||||| |||| 00| 1 sin d | ||
| 040 |
_aLK-CoDNM _dLK-CoDNM _eLK-CoDNM |
||
| 041 | _asin | ||
| 080 | _a294.3 EPA | ||
| 100 | _aFernando,Magris. | ||
| 245 | _aසත්වෝත්පත්ති විනිශ්චය | ||
| 246 | _aSathvoppaththi Vinishchaya | ||
| 260 |
_bLakmini Pahana _c1884 |
||
| 300 | _bxxiv,68p., 18 cm | ||
| 942 | _cBK | ||
| 999 |
_c82547 _d82547 |
||